[Event "Internet Section 06B g/8'+2\""]
[Site "Dos Hermanas"]
[Date "2004.03.06"]
[Round "7"]
[White "Muniz, Elias Cardoso"]
[Black "Treadway, Bred"]
[Result "1-0"]
[WhiteElo "2057"]
[BlackElo "1554"]
[PlyCount "57"]
[EventDate "2004.03.06"]
[EventType "swiss (blitz)"]
[EventRounds "9"]
[EventCountry "ESP"]
[SourceTitle "CBM 099 Extra"]
[Source "ChessBase"]
[SourceDate "2004.05.04"]
[SourceVersion "1"]
[SourceVersionDate "2004.05.04"]
[SourceQuality "1"]

1. e4 d6 2. d4 Nf6 3. Nc3 g6 4. Be2 Bg7 5. g4 h5 6. g5 Nh7 7. h4 Nc6 8. Be3 e5 9. Nf3 Bg4 10. dxe5 dxe5 11. Nd5 Ne7 12. c4 c6 13. Nc3 Qd7 14. Qxd7+ Bxd7 15. 0-0-0 0-0-0 16. Rd2 Kb8 17. Rhd1 Kc7 18. Bxa7 Nf8 19. Na4 Ra8 20. Bb6+ Kc8 21. b3 f6 22. Nc5 f5 23. Nxd7 Ne6 24. Nf6 fxe4 25. Nxe5 Nf5 26. Nf7 Rf8 27. Nd6+ Kb8 28. Nxf5 gxf5 29. Rd6 1-0